000 01424cam a2200361 a 4500
001 1182105
003 OSt
005 20140310184526.0
008 971001s1999 nyua c b 001 0 eng
010 _a 97035395
020 _a0439669359
040 _aDLC
_cDLC
_dDLC
042 _alcac
050 0 0 _aQL 751.5
_b.Se54 2004
100 1 _aSettel, Joanne.
_930246
245 1 0 _aExploding ants :
_bamazing facts about how animals adapt /
_cby Joanne Settel.
246 3 0 _aAmazing facts about how animals adapt
250 _a1st ed.
260 _aNew York :
_bAtheneum Books for Young Readers,
_c2004.
300 _a40 p. :
_bcol. ill. ;
_c21 cm.
500 _a"Ages 7-12"--Jkt. flap.
504 _aIncludes bibliographical references and index.
521 _aG9
526 _c1020
650 0 _aAnimal behavior
_vJuvenile literature.
_930247
650 1 _aAnimals
_xHabits and behavior.
_930248
856 4 2 _3Contributor biographical information
_uhttp://www.loc.gov/catdir/bios/simon051/97035395.html
856 4 2 _3Publisher description
_uhttp://www.loc.gov/catdir/description/simon031/97035395.html
906 _a7
_bcbc
_corignew
_d1
_eocip
_f19
_gy-gencatlg
942 _2lcc
_cSCH
999 _c35129
_d35129